En tono violeta : (Record no. 8943)
[ view plain ]
| 000 -CABECERA | |
|---|---|
| campo de control de longitud fija | 00683nam a2200205 a 4500 |
| 001 - NÚMERO DE CONTROL | |
| campo de control | 000009180 |
| 005 - FECHA Y HORA DE LA ÚLTIMA TRANSACCIÓN | |
| campo de control | 20240412074210.0 |
| 008 - DATOS DE LONGITUD FIJA--INFORMACIÓN GENERAL | |
| campo de control de longitud fija | 090928s1945 dr c 000 p spa d |
| 040 ## - FUENTE DE LA CATALOGACIÓN | |
| Centro catalogador/agencia de origen | DO-SdBNP |
| Lengua de catalogación | spa |
| Centro/agencia transcriptor | BNPHU |
| 082 ## - NÚMERO DE LA CLASIFICACIÓN DECIMAL DEWEY | |
| Número de clasificación | RD861.3 |
| Número de documento/Ítem | F438t |
| 100 1# - ENTRADA PRINCIPAL--NOMBRE DE PERSONA | |
| Nombre de persona | Fiallo, Alberto |
| Fechas asociadas al nombre | 1864- |
| 9 (RLIN) | 23849 |
| 245 10 - MENCIÓN DE TÍTULO | |
| Título | En tono violeta : |
| Resto del título | poesías / |
| Mención de responsabilidad, etc. | Alberto Fiallo, Ramona Fiallo. |
| 260 ## - PUBLICACIÓN, DISTRIBUCIÓN, ETC. | |
| Lugar de publicación, distribución, etc. | Ciudad Trujillo, República Dominicana : |
| Nombre del editor, distribuidor, etc. | Pol Hermanos, |
| Fecha de publicación, distribución, etc. | 1945. |
| 300 ## - DESCRIPCIÓN FÍSICA | |
| Extensión | 147 p. : |
| Otras características físicas | il., retrs. ; |
| Dimensiones | 21 cm. |
| 590 ## - NOTA LOCAL (RLIN) | |
| Nota local | Inventariado, 2018/LP |
| 650 #0 - PUNTO DE ACCESO ADICIONAL DE MATERIA--TÉRMINO DE MATERIA | |
| Término de materia o nombre geográfico como elemento de entrada | Poesía dominicana |
| 9 (RLIN) | 66 |
| 650 #0 - PUNTO DE ACCESO ADICIONAL DE MATERIA--TÉRMINO DE MATERIA | |
| Término de materia o nombre geográfico como elemento de entrada | Literatura dominicana. |
| 9 (RLIN) | 67 |
| 700 1# - PUNTO DE ACCESO ADICIONAL--NOMBRE DE PERSONA | |
| Nombre de persona | Fiallo, Ramona |
| 9 (RLIN) | 23850 |
| 910 ## - DATOS DE OPCIÓN DEL USUARIO (OCLC) | |
| Datos de opción del usuario | Validado. Control de calidad MFF |
| Estado de retiro | Estado de pérdida | Restricciones de uso | No para préstamo | Código de colección | Localización permanente | Ubicación/localización actual | Ubicación en estantería | Fecha de adquisición | Número de inventario | Total de préstamos | Signatura topográfica completa | Código de barras | Fecha visto por última vez | Número de copia | Precio válido a partir de | Tipo de ítem Koha | Nota pública |
|---|---|---|---|---|---|---|---|---|---|---|---|---|---|---|---|---|---|
| Raros y valiosos | General | General | Depósito | 10.08.2011 | LF1 | RD861.3 F438t | 9180-30 | 25.06.2020 | e. 3 | 25.06.2020 | Préstamo en sala | Perteneció a la biblioteca personal de Carlos Larrabazal Blanco. | |||||
| Raros y valiosos | General | General | Depósito | 30.08.2011 | LF1 | RD861.3 F438t | 9180-40 | 25.06.2020 | e. 4 | 25.06.2020 | Préstamo en sala | ||||||
| Raros y valiosos | General | General | Depósito | 31.08.2018 | LF1 | RD861.3 F438t | 9180-50 | 25.06.2020 | e. 5 | 25.06.2020 | Préstamo en sala | Perteneció a la biblioteca personal de Carlos Larrazabal Blanco. | |||||
| Excluido de préstamo | Raros y valiosos | Patrimonio Dominicano | Patrimonio Dominicano | Depósito | 28.09.2009 | LF1 | RD861.3 F438t | 9180-10 | 25.06.2020 | 25.06.2020 | No se presta | Perteneció a la biblioteca personal de Martínez Boog. | |||||
| Excluido de préstamo | Raros y valiosos | Patrimonio Dominicano | Patrimonio Dominicano | Depósito | 10.08.2011 | LF1 | RD861.3 F438t | 9180-20 | 25.06.2020 | e. 2 | 25.06.2020 | No se presta | Perteneció a la biblioteca personal de F. Henríquez y Carvajal |
